000 00315nam a22001337a 4500
008 171002b xxu||||| |||| 00| 0 eng d
020 _a9780130610478
041 _aeng
080 _a37
100 _a47
101 _aEDU
245 _aHOW ACCOUTING HELPED MAKE THE DIFFERENCE
_cBEASLEY.M.S
942 _2udc
_cBK
999 _c31050
_d31050